000 00463nam a22001697a 4500
005 20230918171305.0
008 230829b |||||||| |||| 00| 0 eng d
020 _a978-93-81390-49-8
041 _aEng
082 _aMS/610.73677/ANS/DB1157
100 _aAnsari Javed
245 _aComprehensive Medical Surgical Nursing Part- A
260 _bS.Vikas and Company (Medical Publisher)
_c2022
_aJalandhar
300 _a935p
365 _b1500.00
942 _cDB
999 _c355979
_d355979